Statistiche per I Primi 10 Paesi con il Maggior Numero di Persone di Lingua Spagnola

Clicka qui per fare il quiz!

Statistiche generali

  • Questo quiz è stato fatto 2.961 volte
  • Il punteggio medio è 9 su 10

Statistiche sulle risposte

%#Paese% Corretto
8137.9 milSpagna
99%
9945.6 milArgentina
97%
94124 milMessico
94%
9951.5 milColombia
91%
9919.3 milCile
89%
9827.7 milVenezuela
89%
8729.5 milPerù
86%
9316.9 milEcuador
80%
1343.6 milStati Uniti
73%
9911.2 milCuba
70%

Distribuzione punteggi

Percentile per numero di risposta

Percentuale di utenti per punteggio

I tuoi punteggi nel tempo

Non hai fatto questo quiz